| LDR | | 00000nam k2200205 c 4500 |
| 001 | | 000000183810 |
| 005 | | 20141111140226 |
| 007 | | ta |
| 008 | | 140522s2014 ulk 000af kor |
| 020 | |
▼a 9791185014517
▼g 03830:
▼c \13800 |
| 040 | |
▼a 248032
▼c 248032
▼d 248032 |
| 041 | 1 |
▼a kor
▼h jpn |
| 049 | 0 |
▼l EM88360 |
| 056 | |
▼a 833.6
▼2 4 |
| 090 | |
▼a 833.6
▼b 히12매 |
| 100 | 1 |
▼a 히가시노 게이고,
▼d 1958- |
| 245 | 20 |
▼a 몽환화:
▼b 히가시노 게이고 장편소설 /
▼d 히가시노 게이고 [지음];
▼e 민경욱 옮김. |
| 250 | |
▼a 1판. |
| 260 | |
▼a 서울 :
▼b 비채,
▼c 2014. |
| 300 | |
▼a 423 p. ;
▼c 20 cm. |
| 440 | 00 |
▼a 블랙&화이트 ;
▼v 054 |
| 500 | 00 |
▼a 히가시노 게이고의 한자명은 '東野圭吾'임 |
| 507 | 10 |
▼a 東野圭吾 |
| 507 | 10 |
▼t 夢幻花 |
| 653 | |
▼a 몽환화
▼a 미스터리
▼a 일본문학
▼a 현대소설
▼a 장편소설 |
| 700 | 1 |
▼a 민경욱 |
| 900 | 11 |
▼a 동야규오 |
| 950 | 0 |
▼b \13800 |
| 990 | |
▼a 관리자2
▼b 관리자2 |